Journal of Magnetism and Magnetic Materials

Saved in:
Bibliographic Details
Format: Serial
Published: 1999
Tags: Add Tag
No Tags, Be the first to tag this record!

MARC

LEADER 00000nas a22000003a 4500
001 stu72490
005 20141121230921.7
008 011106s1999----------------------------d
040 |a STU  |b slo 
041 0
245 |a Journal of Magnetism and Magnetic Materials 
260 |c 1999 
500 |a 1999 
773 0 |t Journal of Magnetism and Magnetic Materials  |w stu_us_cat*stu59969  |x 0304-8853  |7 nnas 
996 |d Vol. 200, 1999  |v Vol. 200  |y 1999  |l EE0103  |s A  |a 24  |w stu72490_0001